000 00593nam a22002417a 4500
003 OSt
005 20180116183000.0
008 141002b xxu||||| |||| 00| 0 eng d
020 _a9781593854935
022 _a1593854935
040 _c0
050 _a618.9289075
082 _a618.9289075
100 _aMash,Eric.J
245 _aAssessment of Childhood Disorders.
_cEric J.Mash
250 _a4th.
260 _aNew York
_bThe Guilford Press.
_c2007
300 _a866p.
500 _aHard Cover
600 _aMash,Eric.J
700 _aMash,Eric.J
942 _2ddc
_cBK
_k618.9289075
999 _c349796
_d349796